Cuadros y cuentos. (Record no. 103552)

MARC details
000 -LEADER
campo de control de longitud fija 01036nam a2200253 i 4500
001 - NÚMERO DE CONTROL
campo de control 103552
003 - IDENTIFICADOR DE NÚMERO DE CONTROL
campo de control ES-MaACL
005 - FECHA Y HORA DE LA ÚLTIMA TRANSACCIÓN
campo de control 20250902211530.0
007 - CAMPO FIJO DE DESCRIPCIÓN FÍSICA--INFORMACIÓN GENERAL
campo de control de longitud fija t|
008 - DATOS DE LONGITUD FIJA--INFORMACIÓN GENERAL
campo de control de longitud fija 931025q1884 sp |||| | spa d
245 00 - MENCIÓN DEL TÍTULO
Título Cuadros y cuentos.
260 ## - PUBLICACIÓN, DISTRIBUCIÓN, ETC.
Lugar de publicación, distribución, etc. Madrid :
Nombre del editor, distribuidor, etc. [s.n.,
Fecha de publicación, distribución, etc. 1884?] (
Fabricante Imp. de M. Minuesa de los Ríos)
300 ## - DESCRIPCIÓN FÍSICA
Extensión 93 p. ;
Dimensiones 16 cm.
490 1# - MENCIÓN DE SERIE
Mención de serie Biblioteca reformista ;
Designación de volumen o secuencia 2
505 8# - NOTA DE CONTENIDO CON FORMATO
Nota de contenido con formato Contiene: ;
Título La Robla /
Mención de responsabilidad por José María de Pereda. --
Título El primer beso /
Mención de responsabilidad por Paul de Kock. --
Título Lorenzo /
Mención de responsabilidad por R. Torromé. --
Título El alma de una nación /
Mención de responsabilidad por Aureliano Gil. --
Título Los dos buitres /
Mención de responsabilidad por W.G. --
Título Lucía Miranda /
Mención de responsabilidad por Antonio Aguayo
700 1# - ENTRADA AGREGADA--NOMBRE PERSONAL
Nombre de persona Pereda, José María de,
Fechas asociadas al nombre 1833-1906
9 (RLIN) 90447
700 1# - ENTRADA AGREGADA--NOMBRE PERSONAL
Nombre de persona Kock, Paul de (
Fechas asociadas al nombre 1793-1871)
9 (RLIN) 152765
700 1# - ENTRADA AGREGADA--NOMBRE PERSONAL
Nombre de persona Torromé, Rafael,
Fechas asociadas al nombre 1861-1924
9 (RLIN) 111060
700 1# - ENTRADA AGREGADA--NOMBRE PERSONAL
Nombre de persona Gil, Aureliano.
9 (RLIN) 56718
700 1# - ENTRADA AGREGADA--NOMBRE PERSONAL
Nombre de persona Aguayo, Antonio.
9 (RLIN) 18635
830 0# - PUNTO DE ACCESO ADICIONAL DE SERIE-TÍTULO UNIFORME
Título uniforme Biblioteca reformista ;
Designación de volumen o secuencia 2
9 (RLIN) 184775
852 ## - LOCALIZACIÓN
Ubicación ES-MaACL
Número de control de estantería T-482-F-4
Holdings
Estatus retirado Estado de pérdida Estado de daño No para préstamo Colección Biblioteca de origen Biblioteca actual Ubicación en estantería Fecha de adquisición Fuente de adquisición Total de préstamos Signatura topográfica completa Código de barras Visto por última vez Precio de reemplazo Tipo de ítem Koha
        Colección de folletos Biblioteca del Ateneo de Madrid Biblioteca del Ateneo de Madrid Depósito folletos 17/01/2008     T-482-F-4 1108119 23/02/2023 23/02/2023 Folleto